000 00665nam a2200253 i 4500
001 C2-0261125
003 PPAK
005 20180727230657.0
008 041202s1976 my |||| ||||| | may d
040 _aPPAK
_beng
_cPPAK
_erda
082 0 4 _a899.211
_223
090 0 0 _a899.211
_bTOE
_dKAR
100 1 _aToer, Pramoedya Ananta,
_eauthor
245 1 0 _aBukan pasarmalam
264 1 _aMelaka :
_bAbbas Bandong ,
_c1976
300 _a84 pages ;
_c19 cm
336 _2rdacontent
_atext
337 _2rdamedia
_aunmediated
338 _2rdacarrier
_avolume
490 1 _aSiri Karyawan
650 1 0 _aIndonesian fiction
830 0 _aSiri Karyawan
942 _ddc
_cB
999 _c71848
_d71848